Moi, cesar borgia

Đã lưu trong:
书目详细资料
主要作者: Balchin, Nigel
格式: 图书
语言:Undetermined
出版: Paris Rene Julliard 1951
主题:
标签: 添加标签
没有标签, 成为第一个标记此记录!
Thư viện lưu trữ: Trung tâm Học liệu Trường Đại học Cần Thơ
LEADER 00481nam a2200193Ia 4500
001 CTU_82409
008 210402s9999 xx 000 0 und d
082 |a 823 
082 |b B174 
100 |a Balchin, Nigel 
245 0 |a Moi, cesar borgia 
245 0 |c Nigel Balchin 
260 |a Paris 
260 |b Rene Julliard 
260 |c 1951 
650 |a Borgia, Cesare 
650 |y 1476-1507 
904 |i Nguyên,Hải 
980 |a Trung tâm Học liệu Trường Đại học Cần Thơ